000 00277nam a2200121Ia 4500
008 190216s9999||||xx |||||||||||||| ||und||
100 _aPremjali Bandu
245 0 _aHindi-Bharathiya Prasar Madhyam
260 _bSanthosh Pub
300 _a136
650 _aHindi
942 _cBK
999 _c16389
_d16389